Premierzy Wielkiej Brytanii - Statystyki

Ogólne statystyki
  • Ten quiz został rozwiązany 94 razy
  • Średni wynik to 11 z 58
Statystyki odpowiedzi
Okres sprawowania Partia Premier % Poprawnych
2019–2022 Konserwatywna Boris Johnson
88%
1940–1945, 1951–1955 Konserwatywna Winston Churchill
88%
2024– Pracy Keir Starmer
79%
2016–2019 Konserwatywna Theresa May
79%
2022–2024 Konserwatywna Rishi Sunak
75%
2022 Konserwatywna Liz Truss
70%
2010–2016 Konserwatywna David Cameron
68%
1979–1990 Konserwatywna Margaret Thatcher
67%
1997–2007 Pracy Tony Blair
67%
1937–1940 Konserwatywna Neville Chamberlain
54%
2007–2010 Pracy Gordon Brown
44%
1945–1951 Pracy Clement Attlee
39%
1990–1997 Konserwatywna John Major
35%
1916–1922 Liberalna David Lloyd George
26%
1955–1957 Konserwatywna Anthony Eden
19%
1957–1963 Konserwatywna Harold Macmillan
16%
1964–1970, 1974–1976 Pracy Harold Wilson
16%
1828–1830, 1834 Torysów Duke of Wellington
12%
1868, 1874–1880 Konserwatywna Benjamin Disraeli
11%
1923–1924, 1924–1929, 1935–1937 Konserwatywna Stanley Baldwin
11%
1908–1916 Liberalna Herbert Asquith
9%
1976–1979 Pracy James Callaghan
9%
1902–1905 Konserwatywna Arthur Balfour
7%
1970–1974 Konserwatywna Edward Heath
7%
1963–1964 Konserwatywna Alec Douglas-Home
5%
1924, 1929–1935 Labour/Narodowa Pracy Ramsay MacDonald
5%
1721–1742 Wigów Sir Robert Walpole
5%
1922–1923 Konserwatywna Andrew Bonar Law
4%
1754–1756, 1757–1762 Wigów Duke of Newcastle
4%
1830–1834 Wigów Earl Grey
4%
1852, 1858–1859, 1866–1868 Konserwatywna Earl of Derby
4%
1834, 1835–1841 Wigów Lord Melbourne
4%
1834–1835, 1841–1846 Konserwatywna Robert Peel
4%
1868–1874, 1880–1885, 1886, 1892–1894 Liberalna William Gladstone
4%
1766–1768 Wigów William Pitt the Elder
4%
1783–1801, 1804–1806 Torysów William Pitt the Younger
4%
1852–1855 Peelite Earl of Aberdeen
2%
1782–1783 Wigów Earl of Shelburne
2%
1905–1908 Liberalna Henry Campbell- Bannerman
2%
1770–1782 Torysów Lord Frederick North
2%
1846–1852, 1865–1866 Liberalna/Wigowie Lord John Russell
2%
1812–1827 Torysów Lord Liverpool
2%
1885–1886, 1886–1892, 1895–1902 Konserwatywna Marquess of Salisbury
2%
1756–1757 Wigów Duke of Devonshire
0%
1768–1770 Wigów Duke of Grafton
0%
1783, 1807–1809 Torysów Duke of Portland
0%
1762–1763 Torysów Earl of Bute
0%
1894–1895 Liberalna Earl of Rosebery
0%
1742–1743 Wigów Earl of Wilmington
0%
1827 Torysów George Canning
0%
1763–1765 Wigów George Grenville
0%
1801–1804 Torysów Henry Addington
0%
1743–1754 Wigów Henry Pelham
0%
1806–1807 Wigów Lord Grenville
0%
1855–1858, 1859–1865 Liberalna/Wigowie Lord Palmerston
0%
1765–1766, 1782 Wigów Marquess of Rockingham
0%
1809–1812 Torysów Spencer Perceval
0%
1827–1828 Torysów Viscount Goderich
0%
Nie znaleziono quizów pasujących do podanych kryteriów
Rozkład punktacji
Procent ludzi z każdym wynikiem
Percentyl według liczby udzielonych odpowiedzi
Twoja historia wyników
Nie rozwiązałeś tego quizu